On cinema (Record no. 11875)

MARC details
000 -LEADER
fixed length control field 00532 a2200217 4500
001 - CONTROL NUMBER
control field 139145
003 - CONTROL NUMBER IDENTIFIER
control field OSt
005 - DATE AND TIME OF LATEST TRANSACTION
control field 20211008170549.0
008 - FIXED-LENGTH DATA ELEMENTS--GENERAL INFORMATION
fixed length control field
020 ## - INTERNATIONAL STANDARD BOOK NUMBER
International Standard Book Number 9788170462521
082 ## - DEWEY DECIMAL CLASSIFICATION NUMBER
Classification number 791.430954
Item number D95O
100 1# - MAIN ENTRY--PERSONAL NAME
Personal name Dutt, Utpal
245 1# - TITLE STATEMENT
Title On cinema
Statement of responsibility, etc by Utpal Dutt
260 ## - PUBLICATION, DISTRIBUTION, ETC. (IMPRINT)
Place of publication, distribution, etc Calcutta
Name of publisher, distributor, etc Seagull Books
Date of publication, distribution, etc 2009
300 ## - PHYSICAL DESCRIPTION
Extent 162p.
630 ## - SUBJECT ADDED ENTRY--UNIFORM TITLE
Uniform title Media
630 ## - SUBJECT ADDED ENTRY--UNIFORM TITLE
Uniform title Motion Pictures
630 ## - SUBJECT ADDED ENTRY--UNIFORM TITLE
Uniform title Movies
690 ## - LOCAL SUBJECT ADDED ENTRY--TOPICAL TERM (OCLC, RLIN)
Topical term or geographic name as entry element Motion pictures; Television scripts; India
942 ## - ADDED ENTRY ELEMENTS (KOHA)
Source of classification or shelving scheme Dewey Decimal Classification
Koha item type Books
Holdings
Withdrawn status Lost status Source of classification or shelving scheme Damaged status Not for loan Collection code Home library Current library Date acquired Source of acquisition Cost, normal purchase price Full call number Barcode Date last seen Price effective from Koha item type
    Dewey Decimal Classification     General Text Book Central University Of Rajasthan Central University Of Rajasthan 12/03/2014 ENG 0.00 791.430954 D95O 14817 21/11/2024 02/09/2020 Books